ՀՀ Գիտությունների ազգային ակադեմիայի հիմնարար գիտական գրադարան  =   Fundamental Scientific Library of NAS RA

Անեկդոտներ և զվարճապատումներ / (Record no. 2239)

MARC details
000 -LEADER
fixed length control field 00661nam a2200205 a 4500
001 - CONTROL NUMBER
control field 000009234
003 - CONTROL NUMBER IDENTIFIER
control field AM-YEHGA
005 - DATE AND TIME OF LATEST TRANSACTION
control field 20250618070716.0
008 - FIXED-LENGTH DATA ELEMENTS--GENERAL INFORMATION
fixed length control field 030206s2002 ne 000 | arm d
040 ## - CATALOGING SOURCE
Original cataloging agency AM-YeHGA
041 0# - LANGUAGE CODE
Language code of text/sound track or separate title arm
090 ## - LOCALLY ASSIGNED LC-TYPE CALL NUMBER (OCLC); LOCAL CALL NUMBER (RLIN)
-- 2259
100 1# - MAIN ENTRY--PERSONAL NAME
Personal name Սողոմոնյան, Լևոն Հովակիմի,
Dates associated with a name 1930-
9 (RLIN) 1742
245 10 - TITLE STATEMENT
Title Անեկդոտներ և զվարճապատումներ /
Statement of responsibility, etc. Լ. Սողոմոնյան.
260 ## - PUBLICATION, DISTRIBUTION, ETC.
Place of publication, distribution, etc. Լոս Անջելես :
Name of publisher, distributor, etc. Նովել,
Date of publication, distribution, etc. 2002.
300 ## - PHYSICAL DESCRIPTION
Extent Հ. ;
Dimensions 20 սմ.
505 10 - FORMATTED CONTENTS NOTE
Miscellaneous information Հ. 2 (2002, 540 էջ, 1 թ. դիմանկ.)
650 14 - SUBJECT ADDED ENTRY--TOPICAL TERM
Topical term or geographic name entry element Հայ գրականություն
General subdivision Երգիծանք
942 ## - ADDED ENTRY ELEMENTS (KOHA)
Koha item type Գրքեր / Books
Holdings
Withdrawn status Lost status Source of classification or shelving scheme Damaged status Not for loan Collection Home library Current library Date acquired Serial enumeration / chronology Total checkouts Full call number Barcode Date last seen Copy number Price effective from Koha item type Public note
    Universal Decimal Classification     General Fundamental Scientific Library Fundamental Scientific Library 21/12/2016 Հ. 2   AII/88225 FL0231822 21/12/2016 891.981 21/12/2016 Գրքեր / Books 30 Days Loan


ՀՀ ԳԱԱ հիմնարար գիտական գրադարան
ՀՀ,Երևան 0019
Մարշալ Բաղրամյան 24/6
հեռախոս:(374-10) 52-47-50
Հետադարձ կապ

All site content, except where otherwise noted, is licensed under a
Creative Commons License